[Event "Saratov Shestoperov Memorial"]
[Site "Saratov"]
[Date "2013.08.18"]
[Round "7"]
[White "Mamonov, Alexey"]
[Black "Dmitriev, Igor"]
[Result "0-1"]
[WhiteElo "1891"]
[BlackElo "2278"]
[PlyCount "54"]
[EventDate "2013.08.12"]
[EventType "swiss"]
[EventRounds "9"]
[EventCountry "RUS"]
[SourceTitle "CBM 156 Extra"]
[Source "ChessBase"]
[SourceDate "2013.10.22"]
[SourceVersion "1"]
[SourceVersionDate "2013.10.22"]
[SourceQuality "1"]

1. d4 Nf6 2. Nf3 d6 3. g3 Bg4 4. Bg2 c6 5. 0-0 e6 6. c4 Nbd7 7. Nc3 Be7 8. e4 0-0 9. Be3 Qa5 10. h3 Bh5 11. Qd2 Qa6 12. Rac1 Rfc8 13. Nh2 Nb6 14. b3 d5 15. f4 dxe4 16. Nxe4 Nxe4 17. Bxe4 Bg6 18. f5 exf5 19. Bxf5 Rf8 20. Ng4 Rad8 21. Rce1 Qa3 22. Qf2 Bb4 23. Bc1 Bxe1 24. Rxe1 Qa5 25. Re5 Qc3 26. Bb2 Qb4 27. Bc2 Nxc4 0-1

[Event "Dvorkovich Memorial op"]
[Site "Taganrog"]
[Date "2013.01.20"]
[Round "6"]
[White "Mamonov, Alexey"]
[Black "Baraeva, Marina"]
[Result "1/2-1/2"]
[WhiteElo "2208"]
[BlackElo "2187"]
[PlyCount "113"]
[EventDate "2013.01.15"]
[EventType "swiss"]
[EventRounds "9"]
[EventCountry "RUS"]
[SourceTitle "CBM 152 Extra"]
[Source "ChessBase"]
[SourceDate "2013.02.25"]
[SourceVersion "1"]
[SourceVersionDate "2013.02.25"]
[SourceQuality "1"]

1. e4 e6 2. d4 d5 3. Nc3 Nf6 4. Bg5 dxe4 5. Nxe4 Nbd7 6. Nf3 Be7 7. Nxf6+ Nxf6 8. Bd3 0-0 9. Qe2 c5 10. dxc5 Qa5+ 11. c3 Qxc5 12. 0-0 Rd8 13. Rad1 Bd7 14. Qe5 Qxe5 15. Nxe5 Be8 16. Be2 h6 17. Bc1 Bd6 18. Nc4 Bc7 19. Rxd8 Rxd8 20. Rd1 Rxd1+ 21. Bxd1 b5 22. Ne3 Bc6 23. Be2 Kf8 24. Nc2 e5 25. Be3 a6 26. Bc5+ Ke8 27. a4 bxa4 28. Bxa6 Ne4 29. Be3 Bd6 30. Nb4 Bd7 31. Bb7 Nc5 32. Bd5 f6 33. Bf3 f5 34. g3 Ke7 35. Be2 g5 36. Nd5+ Kf7 37. Nb6 Bc6 38. Nc4 Ke6 39. Nxd6 Kxd6 40. f3 f4 41. Bd2 Nb3 42. Be1 Nc1 43. Kf2 Nxe2 44. Kxe2 Kc5 45. gxf4 gxf4 46. Bh4 Bb5+ 47. Kd2 Kd5 48. Bf6 h5 49. Ke1 e4 50. fxe4+ Kxe4 51. c4 Bxc4 52. Kf2 Kf5 53. Bd8 Kg4 54. Bc7 h4 55. Bd6 h3 56. Bc7 Kf5 57. Bd8 1/2-1/2

[Event "Saratov Region-ch"]
[Site "Saratov"]
[Date "2012.06.05"]
[Round "8"]
[White "Khromkin, Andrey"]
[Black "Mamonov, Alexey"]
[Result "1-0"]
[WhiteElo "2345"]
[BlackElo "1809"]
[PlyCount "41"]
[EventDate "2012.05.29"]
[EventType "swiss"]
[EventRounds "9"]
[EventCountry "RUS"]
[SourceTitle "CBM 148 Extra"]
[Source "ChessBase"]
[SourceDate "2012.06.22"]
[SourceVersion "1"]
[SourceVersionDate "2012.06.22"]
[SourceQuality "1"]

1. d4 Nf6 2. c4 e6 3. Nf3 d5 4. Nc3 c6 5. e3 b6 6. Bd3 Bb7 7. 0-0 Be7 8. e4 dxe4 9. Nxe4 c5 10. Nxf6+ gxf6 11. d5 e5 12. Nh4 Na6 13. Qg4 Bf8 14. f4 h5 15. Qe2 Qc7 16. fxe5 fxe5 17. Bg5 Be7 18. Rf5 0-0-0 19. Rxf7 Rhe8 20. Nf5 Rd7 21. Bxe7 1-0

[Event "Saratov Region-ch"]
[Site "Saratov"]
[Date "2012.06.03"]
[Round "6"]
[White "Gagarkine, Nikolay"]
[Black "Mamonov, Alexey"]
[Result "0-1"]
[WhiteElo "1918"]
[BlackElo "1809"]
[PlyCount "102"]
[EventDate "2012.05.29"]
[EventType "swiss"]
[EventRounds "9"]
[EventCountry "RUS"]
[SourceTitle "CBM 148 Extra"]
[Source "ChessBase"]
[SourceDate "2012.06.22"]
[SourceVersion "1"]
[SourceVersionDate "2012.06.22"]
[SourceQuality "1"]

1. g3 e5 2. f3 h5 3. Bg2 d5 4. d3 f5 5. e3 Nf6 6. c3 Nc6 7. Nd2 h4 8. Nf1 Bd6 9. f4 e4 10. d4 Nh5 11. Bd2 g5 12. Qe2 Qf6 13. 0-0-0 Be6 14. c4 0-0-0 15. c5 Be7 16. b4 gxf4 17. gxf4 Nxf4 18. exf4 Qxd4 19. Kc2 Qxg1 20. Be3 d4 21. Bxg1 d3+ 22. Kd2 dxe2+ 23. Kxe2 Rxd1 24. Kxd1 h3 25. Bxe4 fxe4 26. a3 Bg4+ 27. Kd2 Rd8+ 28. Ke3 Bf3 29. Ng3 Bxh1 30. Nxh1 Rd1 31. Nf2 Rxg1 32. Nxh3 Ra1 33. Ng5 Rxa3+ 34. Kxe4 Ra2 35. b5 Nd8 36. Nf3 Re2+ 37. Kf5 a5 38. bxa6 bxa6 39. h4 Rf2 40. Ng5 Bxc5 41. h5 Bf8 42. Ne4 Rh2 43. Kg6 Rh4 44. Kg5 Be7+ 45. Kg6 Rxf4 46. Nc3 c6 47. h6 Ne6 48. Ne2 Rf3 49. h7 Nf8+ 50. Kg7 Nxh7 51. Kxh7 c5 0-1

[Event "Saratov Region-ch"]
[Site "Saratov"]
[Date "2012.06.01"]
[Round "4"]
[White "Protopopova, Anastasiya"]
[Black "Mamonov, Alexey"]
[Result "1/2-1/2"]
[WhiteElo "1763"]
[BlackElo "1809"]
[PlyCount "108"]
[EventDate "2012.05.29"]
[EventType "swiss"]
[EventRounds "9"]
[EventCountry "RUS"]
[SourceTitle "CBM 148 Extra"]
[Source "ChessBase"]
[SourceDate "2012.06.22"]
[SourceVersion "1"]
[SourceVersionDate "2012.06.22"]
[SourceQuality "1"]

1. d4 d5 2. Nf3 e6 3. c4 c6 4. e3 f5 5. Bd3 Nf6 6. Nbd2 Bd6 7. h3 Nbd7 8. Qc2 Ne4 9. g4 Nxd2 10. Bxd2 fxg4 11. hxg4 Qf6 12. Be2 Nf8 13. 0-0-0 Bd7 14. Kb1 0-0-0 15. e4 dxe4 16. Bg5 Qf7 17. Qxe4 Re8 18. Be3 h6 19. Ne5 Bxe5 20. dxe5 Qg6 21. Bd3 Qxe4 22. Bxe4 b6 23. a4 c5 24. a5 Kc7 25. Rd3 Rb8 26. Rhd1 Ba4 27. R1d2 h5 28. Ra3 Bc6 29. axb6+ axb6 30. Ra7+ Rb7 31. Rxb7+ Kxb7 32. Bxc6+ Kxc6 33. Rd6+ Kc7 34. gxh5 Rxh5 35. Bf4 Rf5 36. Bg3 g5 37. Kc2 Rf3 38. Rd3 Rf5 39. Rd6 g4 40. Kd3 Rf3+ 41. Kc2 Rf5 42. Kd3 Ng6 43. Rxe6 Rxf2 44. Rxg6 Rf3+ 45. Ke4 Rxg3 46. Kd5 Rd3+ 47. Ke6 g3 48. Rg7+ Kd8 49. Rg8+ Kc7 50. Ke7 Rd7+ 51. Kf6 Rd3 52. Ke7 Rd7+ 53. Kf6 Rd3 54. Ke7 Rd7+ 1/2-1/2

[Event "Saratov Winter Cup-A"]
[Site "Saratov"]
[Date "2012.01.17"]
[Round "6"]
[White "Fedukin, Alexandre"]
[Black "Mamonov, Alexey"]
[Result "1-0"]
[WhiteElo "1895"]
[BlackElo "1812"]
[PlyCount "131"]
[EventDate "2012.01.12"]
[EventType "swiss"]
[EventRounds "9"]
[EventCountry "RUS"]
[SourceTitle "EXT 2014"]
[Source "ChessBase"]
[SourceDate "2013.11.20"]
[SourceVersion "1"]
[SourceVersionDate "2013.11.20"]
[SourceQuality "1"]

1. c4 e5 2. Nc3 Nf6 3. Nf3 Nc6 4. e4 Bc5 5. Nxe5 Nxe5 6. d4 Bb4 7. dxe5 Nxe4 8. Qc2 Nxc3 9. bxc3 Bc5 10. Bd3 Qh4 11. 0-0 0-0 12. g3 Qh5 13. Re1 d6 14. Bf4 Be6 15. Be4 dxe5 16. Bxe5 c6 17. Rab1 b6 18. Bxc6 Rad8 19. Bf4 Bxc4 20. Re5 Bd3 21. Qxd3 Bxf2+ 22. Kg2 Qxh2+ 23. Kxh2 Rxd3 24. Kg2 Rxc3 25. Rc1 Rxc1 26. Bxc1 Bc5 27. Re8 Rxe8 28. Bxe8 Kf8 29. Bb5 Ke7 30. g4 Bd4 31. Kf3 Kf6 32. Ke4 Bc5 33. a4 g6 34. g5+ Ke7 35. Bb2 Bf2 36. Kd5 Bh4 37. Ba3+ Kd8 38. Bc1 Ke7 39. Bf4 f6 40. gxf6+ Kxf6 41. Ba6 Bf2 42. Bb8 g5 43. Ke4 g4 44. Bxa7 h5 45. Kf4 g3 46. Kf3 h4 47. Bb8 Kg5 48. Bc8 Kh5 49. Bf4 Be1 50. Be3 Ba5 51. Bg4+ Kg6 52. Kg2 Kf6 53. Kh3 Ke5 54. Bf3 Kd6 55. Kxh4 Kc7 56. Kxg3 Bc3 57. Bf4+ Kd7 58. Kf2 Ke6 59. Ke3 Bb4 60. Be4 Kd7 61. Kd4 Bc5+ 62. Kc4 Bg1 63. Kb5 Bf2 64. Bf5+ Kd8 65. Bd6 Be3 66. Kc6 1-0

[Event "Saratov Winter Cup-A"]
[Site "Saratov"]
[Date "2012.01.15"]
[Round "4"]
[White "Vezinitsyn, Mikhail"]
[Black "Mamonov, Alexey"]
[Result "0-1"]
[WhiteElo "1608"]
[BlackElo "1812"]
[PlyCount "58"]
[EventDate "2012.01.12"]
[EventType "swiss"]
[EventRounds "9"]
[EventCountry "RUS"]
[SourceTitle "EXT 2014"]
[Source "ChessBase"]
[SourceDate "2013.11.20"]
[SourceVersion "1"]
[SourceVersionDate "2013.11.20"]
[SourceQuality "1"]

1. e4 e5 2. c4 Nc6 3. Nc3 Bc5 4. Nf3 d6 5. g3 Be6 6. d3 Qd7 7. Ng5 Bg4 8. Be2 Bxe2 9. Qxe2 Nd4 10. Qd1 h6 11. Nf3 Qh3 12. Nxd4 Bxd4 13. Qf3 Nf6 14. Nb5 0-0-0 15. Be3 Ng4 16. Bxd4 Nxh2 17. Qd1 exd4 18. Nxd4 Qg2 19. Ke2 c5 20. Nc2 Qf3+ 21. Kd2 Qxf2+ 22. Qe2 Nf3+ 23. Kd1 Qxg3 24. Rf1 Ne5 25. Ne3 g6 26. Kc2 h5 27. Rg1 Qf3 28. Qd2 Qh3 29. d4 Nf3 0-1

[Event "Saratov Winter Cup-A"]
[Site "Saratov"]
[Date "2012.01.12"]
[Round "1"]
[White "Mamonov, Alexey"]
[Black "Kvitka, Roman"]
[Result "0-1"]
[WhiteElo "1812"]
[BlackElo "1994"]
[PlyCount "20"]
[EventDate "2012.01.12"]
[EventType "swiss"]
[EventRounds "9"]
[EventCountry "RUS"]
[SourceTitle "EXT 2014"]
[Source "ChessBase"]
[SourceDate "2013.11.20"]
[SourceVersion "1"]
[SourceVersionDate "2013.11.20"]
[SourceQuality "1"]

1. Nf3 Nf6 2. d4 c5 3. g3 cxd4 4. Bg2 e5 5. Nxe5 Qa5+ 6. Nd2 Qxe5 7. Nc4 Qc5 8. b3 d5 9. Ba3 Qc7 10. Bxf8 Kxf8 0-1

[Event "Saratov Winter Cup school"]
[Site "Saratov"]
[Date "2011.12.28"]
[Round "5.5"]
[White "Kvitka, Roman"]
[Black "Mamonov, Alexey"]
[Result "1-0"]
[WhiteElo "2006"]
[BlackElo "1812"]
[PlyCount "85"]
[EventDate "2011.12.26"]
[EventType "swiss"]
[EventRounds "9"]
[EventCountry "RUS"]
[SourceTitle "EXT 2022"]
[Source "ChessBase"]
[SourceDate "2021.10.06"]
[SourceVersion "1"]
[SourceVersionDate "2021.10.06"]
[SourceQuality "1"]

1. e4 e5 2. Nf3 Nc6 3. Bb5 a6 4. Ba4 Nf6 5. 0-0 b5 6. Bb3 Be7 7. Re1 0-0 8. d4 d6 9. c3 Bg4 10. d5 Na5 11. Bc2 c5 12. Nbd2 Qc7 13. b3 Nb7 14. h3 Bxf3 15. Qxf3 a5 16. a4 bxa4 17. Rxa4 Nd7 18. Nc4 Nb6 19. Nxb6 Qxb6 20. c4 Qd8 21. Qg4 Qc8 22. Qg3 Kh8 23. Bd2 g5 24. Qf3 f6 25. Rea1 Bd8 26. R4a2 Rg8 27. Bd1 Qd7 28. Qd3 Qe8 29. Bg4 h5 30. Bf5 Rg7 31. Qe2 Bb6 32. Kh1 Ra6 33. g3 Bd8 34. Kh2 Bb6 35. f4 h4 36. fxg5 hxg3+ 37. Kxg3 fxg5 38. Kh2 Bd8 39. Qg4 Qf7 40. Be3 Bf6 41. Rf1 Nd8 42. Raf2 Be7 43. Bc8 1-0

[Event "Saratov Winter Cup school"]
[Site "Saratov"]
[Date "2011.12.26"]
[Round "2.5"]
[White "Mamonov, Alexey"]
[Black "Eramian, Gamlet"]
[Result "1/2-1/2"]
[WhiteElo "1812"]
[BlackElo "2072"]
[PlyCount "133"]
[EventDate "2011.12.26"]
[EventType "swiss"]
[EventRounds "9"]
[EventCountry "RUS"]
[SourceTitle "EXT 2022"]
[Source "ChessBase"]
[SourceDate "2021.10.06"]
[SourceVersion "1"]
[SourceVersionDate "2021.10.06"]
[SourceQuality "1"]

1. c4 c5 2. Nc3 g6 3. e4 Bg7 4. g3 Nc6 5. Bg2 d6 6. d3 e6 7. Nge2 Nge7 8. 0-0 0-0 9. Rb1 a6 10. a3 Rb8 11. b4 Nd4 12. Nxd4 Bxd4 13. Ne2 Bg7 14. Bb2 e5 15. f4 cxb4 16. axb4 f5 17. Kh1 Be6 18. Nc3 b5 19. cxb5 axb5 20. Ra1 Qd7 21. Qd2 Nc6 22. Nd5 Rf7 23. Rfc1 fxe4 24. dxe4 Rbf8 25. Ra6 Bxd5 26. Qxd5 Nxb4 27. Rxd6 Nxd5 28. Rxd7 Rxd7 29. exd5 exf4 30. Ba3 Ra8 31. Bh3 Rda7 32. Be6+ Kh8 33. Bc5 Ra1 34. Rxa1 Rxa1+ 35. Kg2 fxg3 36. hxg3 Rd1 37. Be7 Be5 38. d6 Rxd6 39. Bxd6 Bxd6 40. g4 Kg7 41. Kf3 Kf6 42. Bb3 h5 43. gxh5 gxh5 44. Ba2 Ke5 45. Kg3 Be7 46. Kf3 b4 47. Bb3 Kd4 48. Kg3 Kc3 49. Bd1 h4+ 50. Kh3 b3 51. Bxb3 Kxb3 52. Kg2 Kc2 53. Kh2 Kd2 54. Kg1 Ke2 55. Kg2 Bd8 56. Kg1 Be7 57. Kg2 Bf6 58. Kg1 Be5 59. Kg2 Bg3 60. Kg1 Bf4 61. Kg2 Bd2 62. Kg1 Kf3 63. Kh2 Be1 64. Kh3 Bf2 65. Kh2 Ke2 66. Kg2 Bg3 67. Kh1 1/2-1/2

[Event "Dvorkovich Memorial op 6th"]
[Site "Taganrog"]
[Date "2011.08.05"]
[Round "5"]
[White "Kovalchuk, Alexey"]
[Black "Mamonov, Alexey"]
[Result "1-0"]
[WhiteElo "2068"]
[BlackElo "2247"]
[PlyCount "105"]
[EventDate "2011.08.01"]
[EventType "swiss"]
[EventRounds "9"]
[EventCountry "RUS"]
[SourceTitle "CBM 144 Extra"]
[Source "ChessBase"]
[SourceDate "2011.10.28"]
[SourceVersion "1"]
[SourceVersionDate "2011.10.28"]
[SourceQuality "1"]

1. d4 f5 2. Nf3 Nf6 3. g3 g6 4. Bg2 Bg7 5. 0-0 0-0 6. b3 d6 7. Bb2 Ne4 8. Nbd2 c6 9. c4 e6 10. Qc2 d5 11. e3 g5 12. Ne1 g4 13. Nd3 Qg5 14. Ba3 Re8 15. Nf4 Nd7 16. Rac1 h5 17. h4 gxh3 18. Nxh3 Qh6 19. Nxe4 fxe4 20. Bd6 e5 21. dxe5 Nxe5 22. Bxe5 Bxe5 23. cxd5 cxd5 24. Nf4 Bxf4 25. gxf4 Qg6 26. Qd2 Be6 27. Rc7 Rad8 28. Kh2 Qg4 29. Rg1 Qh4+ 30. Bh3+ Bg4 31. Rg3 Re7 32. Rxe7 Qxe7 33. Bxg4 hxg4 34. Rxg4+ Kf7 35. Qd4 Qf6 36. Qxa7 Qh6+ 37. Kg2 Rd7 38. Qd4 Qf6 39. Rg5 Qxd4 40. exd4 Ke6 41. Re5+ Kd6 42. f3 Rg7+ 43. Kf2 Rh7 44. fxe4 dxe4 45. Ke3 Rh2 46. a4 Rh3+ 47. Kxe4 Rxb3 48. Rb5 Ra3 49. Rxb7 Rxa4 50. f5 Ra3 51. Rb6+ Ke7 52. Re6+ Kd7 53. Re5 1-0

[Event "Dvorkovich Memorial op 6th"]
[Site "Taganrog"]
[Date "2011.08.04"]
[Round "4"]
[White "Mamonov, Alexey"]
[Black "Kostrikina, Anna"]
[Result "1-0"]
[WhiteElo "2247"]
[BlackElo "2079"]
[PlyCount "83"]
[EventDate "2011.08.01"]
[EventType "swiss"]
[EventRounds "9"]
[EventCountry "RUS"]
[SourceTitle "CBM 144 Extra"]
[Source "ChessBase"]
[SourceDate "2011.10.28"]
[SourceVersion "1"]
[SourceVersionDate "2011.10.28"]
[SourceQuality "1"]

1. e4 c5 2. c3 d5 3. exd5 Qxd5 4. d4 Nf6 5. Nf3 Nc6 6. Na3 Qd8 7. dxc5 Qxd1+ 8. Kxd1 Bg4 9. Bb5 e6 10. b4 a5 11. Nc4 axb4 12. Bxc6+ bxc6 13. cxb4 Nd5 14. Bd2 g6 15. a3 Bg7 16. Rb1 0-0 17. Rb3 Rfd8 18. Kc1 Rdb8 19. Nfe5 Be2 20. Re1 Bxe5 21. Rxe2 Bc7 22. Kc2 Ra6 23. Bc1 Raa8 24. g3 Rb7 25. Bb2 Kf8 26. Be5 Bxe5 27. Nxe5 Ra6 28. Nc4 Ke7 29. Kb2 Rb8 30. Ne3 Nc7 31. Rd2 Rba8 32. Rbd3 Nb5 33. Nc4 R6a7 34. Na5 Rc7 35. Rd6 Ra6 36. Rd8 Na7 37. Ra8 h5 38. Rd6 e5 39. Rxa7 Raxa7 40. Nxc6+ Rxc6 41. Rxc6 Rd7 42. Rd6 1-0

[Event "Azov Don Cup"]
[Site "Azov"]
[Date "2011.07.15"]
[Round "8"]
[White "Zubkov, Viktor"]
[Black "Mamonov, Alexey"]
[Result "1/2-1/2"]
[WhiteElo "2134"]
[BlackElo "2247"]
[PlyCount "65"]
[EventDate "2011.07.09"]
[EventType "swiss"]
[EventRounds "9"]
[EventCountry "RUS"]
[SourceTitle "EXT 2012"]
[Source "ChessBase"]
[SourceDate "2011.11.24"]
[SourceVersion "1"]
[SourceVersionDate "2011.11.24"]
[SourceQuality "1"]

1. e4 c5 2. Nf3 Nf6 3. Nc3 d5 4. exd5 Nxd5 5. Nxd5 Qxd5 6. d4 Bg4 7. Be2 Nc6 8. dxc5 Qxc5 9. c3 e5 10. Qa4 Bd7 11. Be3 Qd6 12. Qc2 Be7 13. 0-0 h6 14. Rfd1 Qc7 15. Bd3 0-0 16. Bf5 Rad8 17. h3 b6 18. Bxd7 Rxd7 19. Rxd7 Qxd7 20. Rd1 Qe6 21. b3 f5 22. Bc1 Rc8 23. Qe2 Bf6 24. Nd4 Nxd4 25. cxd4 Qd5 26. dxe5 Qxe5 27. Qxe5 Bxe5 28. Re1 Bd6 29. Rd1 Be5 30. Re1 Kf7 31. Kf1 Kf6 32. f4 Bc3 33. Re2 1/2-1/2